01458nam a2200361Ia 4500001001200000003000800012006001900020007001500039008004100054010001700095020004300112040002100155035002100176050002600197082001600223130003000239245013700269246002500406260004900431300003300480490002800513500004600541504004100587533015200628650005200780650002400832655002900856700002200885710001700907830002900924856012600953999001701079ebr10375265CaPaEBRm u cr cn|||||||||090616s2010 nyuab sb 000 0 eng d z 2009024520 z9780199238545 (pbk. : acid-free paper) aCaPaEBRcCaPaEBR a(OCoLC)64789861314aPT1579.A3bE38 2010eb04a831/.212220 aNibelungenlied.lEnglish.14aThe Nibelungenliedh[electronic resource] :bthe lay of the Nibelungs /ctranslated with an introduction and notes by Cyril Edwards.30aLay of the Nibelungs aNew York :bOxford University Press,cc2010. axxxvi, 244 p. :bill., maps.1 aOxford world's classics aWritten down by an anonymous poet c.1200. aIncludes bibliographical references. aElectronic reproduction.bPalo Alto, Calif. :cebrary,d2011.nAvailable via World Wide Web.nAccess may be limited to ebrary affiliated libraries. 0aEpic poetry, GermanvTranslations into English. 0aNibelungenvPoetry. 7aElectronic books.2local1 aEdwards, Cyril W.2 aebrary, Inc. 0aOxford world's classics.40uhttp://site.ebrary.com/lib/rucke/Doc?id=10375265zAn electronic book accessible through the World Wide Web; click to view c96042d96042